[Event "ARG-ch U14"]
[Site "Villa Martelli"]
[Date "2018.02.10"]
[Round "3.4"]
[White "Gomez, Mauricio"]
[Black "Gallo, Juan Patricio"]
[Result "0-1"]
[WhiteElo "1463"]
[BlackElo "1826"]
[PlyCount "80"]
[EventDate "2018.02.09"]
[EventType "swiss"]
[EventRounds "9"]
[EventCountry "ARG"]
[SourceTitle "EXT 2024"]
[Source "ChessBase"]
[SourceDate "2023.10.10"]
[SourceVersion "1"]
[SourceVersionDate "2023.10.10"]
[SourceQuality "1"]

1. e4 Nf6 2. Nc3 d6 3. d4 g6 4. Bc4 Bg7 5. Nge2 0-0 6. Bg5 Nbd7 7. h3 a6 8. f4 b5 9. Bd5 Rb8 10. e5 Nxd5 11. Nxd5 f6 12. exd6 exd6 13. Bh4 Bb7 14. Ne3 Re8 15. Qd2 Qe7 16. Bf2 f5 17. 0-0 Nf6 18. Ng3 Ne4 19. Nxe4 Qxe4 20. Rae1 Qxd4 21. Qxd4 Bxd4 22. c3 Bb6 23. g4 Bxe3 24. Rxe3 Rxe3 25. Bxe3 Re8 26. Bd4 Re2 27. Rf2 Re7 28. Rf1 Re4 29. gxf5 gxf5 30. Kh2 Kf7 31. Kg3 c5 32. Bg1 Ke6 33. Kh4 a5 34. Kg5 b4 35. cxb4 axb4 36. b3 Re2 37. Rf2 Re3 38. Kh4 Rc3 39. Re2+ Be4 40. Be3 d5 0-1

[Event "ARG-ch U14"]
[Site "Villa Martelli"]
[Date "2018.02.09"]
[Round "1.4"]
[White "Siegel, Uriel"]
[Black "Gallo, Juan Patricio"]
[Result "1/2-1/2"]
[WhiteElo "1424"]
[BlackElo "1826"]
[PlyCount "101"]
[EventDate "2018.02.09"]
[EventType "swiss"]
[EventRounds "9"]
[EventCountry "ARG"]
[SourceTitle "EXT 2024"]
[Source "ChessBase"]
[SourceDate "2023.10.10"]
[SourceVersion "1"]
[SourceVersionDate "2023.10.10"]
[SourceQuality "1"]

1. e4 Nf6 2. e5 Nd5 3. d4 d6 4. exd6 exd6 5. Nf3 Be7 6. Be2 0-0 7. 0-0 Bf5 8. c3 c6 9. Qb3 Qc7 10. Bc4 Nb6 11. Bf4 Nxc4 12. Qxc4 Nd7 13. Nbd2 Nb6 14. Qb3 Nd5 15. Bg3 Qd7 16. Rfe1 Rfe8 17. Nf1 Bg4 18. N1d2 Be6 19. Qc2 Nf6 20. h3 Bf5 21. Qb3 h6 22. Nh4 Be6 23. Qc2 Nd5 24. Nhf3 Nf6 25. Nh2 Nh5 26. Nhf1 Nxg3 27. Nxg3 d5 28. Nf3 Bd6 29. Ne5 Bxe5 30. Rxe5 f6 31. Re2 Bf7 32. Rae1 Rxe2 33. Rxe2 Re8 34. Rxe8+ Qxe8 35. Qe2 Qxe2 36. Nxe2 g5 37. Nc1 Bg6 38. Nb3 b6 39. Nd2 Kf7 40. Nb3 Ke6 41. Nd2 Bd3 42. f3 f5 43. Nb3 h5 44. g3 Bc4 45. Nc1 g4 46. hxg4 fxg4 47. fxg4 hxg4 48. Kf2 Kf5 49. Ke3 a5 50. b3 Ba6 51. a3 1/2-1/2

[Event "Salta Rodriguez Memorial"]
[Site "Salta"]
[Date "2017.04.13"]
[Round "2.8"]
[White "Gallo, Juan Patricio"]
[Black "Gonzalez, Hernan"]
[Result "1-0"]
[WhiteElo "1614"]
[BlackElo "1840"]
[PlyCount "59"]
[EventDate "2017.04.13"]
[EventType "swiss"]
[EventRounds "7"]
[EventCountry "ARG"]
[SourceTitle "EXT 2024"]
[Source "ChessBase"]
[SourceDate "2023.10.10"]
[SourceVersion "1"]
[SourceVersionDate "2023.10.10"]
[SourceQuality "1"]

1. c4 Nf6 2. g3 g6 3. Bg2 Bg7 4. Nc3 0-0 5. Nf3 d6 6. d3 e5 7. Bg5 h6 8. Bd2 Nc6 9. 0-0 Nh7 10. Qc1 g5 11. h4 f6 12. hxg5 fxg5 13. a3 Be6 14. b4 a6 15. Rb1 Qd7 16. a4 Bh3 17. b5 Bxg2 18. Kxg2 Ne7 19. b6 Qc6 20. e4 cxb6 21. Be3 Nc8 22. Nd5 Nf6 23. Rxb6 Qxa4 24. Rxb7 Nxd5 25. cxd5 Rf7 26. Rxf7 Kxf7 27. Qc7+ Ne7 28. Qxd6 Qb5 29. Nxe5+ Bxe5 30. Qxe5 1-0

[Event "ARG-ch U12 m"]
[Site "Villa Giardino"]
[Date "2016.05.25"]
[Round "9.1"]
[White "Gallo, Juan Patricio"]
[Black "Grospietro, Patricio Alejandro"]
[Result "1-0"]
[WhiteElo "1399"]
[BlackElo "1381"]
[PlyCount "127"]
[EventDate "2016.05.21"]
[EventType "tourn"]
[EventRounds "9"]
[EventCountry "ARG"]
[SourceTitle "EXT 2024"]
[Source "ChessBase"]
[SourceDate "2023.10.10"]
[SourceVersion "1"]
[SourceVersionDate "2023.10.10"]
[SourceQuality "1"]

1. c4 d6 2. g3 e5 3. Bg2 Nf6 4. d3 g6 5. Nf3 Bg7 6. 0-0 0-0 7. Nc3 Nbd7 8. Bd2 Re8 9. Ne1 Nb6 10. Nc2 c6 11. Ne3 Be6 12. b3 d5 13. Nc2 Qd7 14. Re1 Rad8 15. Bg5 h6 16. Bxf6 Bxf6 17. e4 dxc4 18. dxc4 Bg7 19. Qxd7 Rxd7 20. Rad1 Red8 21. Rxd7 Rxd7 22. Rd1 Rxd1+ 23. Nxd1 f5 24. Nb4 fxe4 25. Bxe4 Bf5 26. Bxf5 gxf5 27. Nd3 Kf7 28. Nc5 Ke7 29. Nxb7 Nd7 30. Ne3 Kf6 31. Nd6 f4 32. Nc2 Ke6 33. Ne4 Bf8 34. Kg2 a5 35. Ne1 fxg3 36. hxg3 Nf6 37. Nxf6 Kxf6 38. Nd3 Kf5 39. f3 h5 40. Nb2 Bc5 41. Nd3 Be7 42. Nf2 Bc5 43. Ne4 Be7 44. Kf2 Bf8 45. Ke2 Be7 46. Nc3 Bc5 47. Ne4 Be7 48. Nc3 Bc5 49. Na4 Bd4 50. a3 Ke6 51. b4 axb4 52. axb4 Kd6 53. Kf1 Ke6 54. Kg2 Kf5 55. b5 cxb5 56. cxb5 Ba7 57. b6 Bb8 58. Nc5 Kg5 59. Na6 Bd6 60. b7 Kf5 61. b8Q Bxb8 62. Nxb8 Kg6 63. Nc6 Kf5 64. Kh3 1-0

[Event "ARG-ch U12 m"]
[Site "Villa Giardino"]
[Date "2016.05.24"]
[Round "7.2"]
[White "Gallo, Juan Patricio"]
[Black "Zandrino, Faustino"]
[Result "1-0"]
[WhiteElo "1399"]
[BlackElo "1422"]
[PlyCount "85"]
[EventDate "2016.05.21"]
[EventType "tourn"]
[EventRounds "9"]
[EventCountry "ARG"]
[SourceTitle "EXT 2024"]
[Source "ChessBase"]
[SourceDate "2023.10.10"]
[SourceVersion "1"]
[SourceVersionDate "2023.10.10"]
[SourceQuality "1"]

1. c4 e6 2. Nf3 d5 3. b3 c5 4. g3 Nc6 5. e3 Nf6 6. Bg2 Be7 7. 0-0 0-0 8. Bb2 b6 9. d4 dxc4 10. bxc4 Rb8 11. Na3 cxd4 12. exd4 Bxa3 13. Bxa3 Re8 14. Ne5 Ne7 15. Bxe7 Qxe7 16. Nc6 Qc7 17. Nxb8 Qxb8 18. Qc2 Qc7 19. Rac1 Ba6 20. Rfd1 Rc8 21. Qa4 Bxc4 22. Bf1 b5 23. Qc2 Nd5 24. a3 g6 25. Bg2 Qd7 26. Qd2 Rc7 27. Qa5 Qc8 28. Bxd5 exd5 29. Re1 f6 30. Re8+ Qxe8 31. Qxc7 Qf7 32. Qb8+ Kg7 33. Re1 a5 34. Qd8 Qf8 35. Re7+ Qf7 36. Rxf7+ Kxf7 37. Qxa5 Ke6 38. Qc7 h6 39. Qg7 Kf5 40. Qxh6 Ke4 41. Qe3+ Kf5 42. Qe8 Bd3 43. Qe3 1-0

[Event "ARG-ch U12 m"]
[Site "Villa Giardino"]
[Date "2016.05.21"]
[Round "1.5"]
[White "Gallo, Juan Patricio"]
[Black "Moro Saidon, Gonzalo"]
[Result "1/2-1/2"]
[WhiteElo "1399"]
[BlackElo "1634"]
[PlyCount "24"]
[EventDate "2016.05.21"]
[EventType "tourn"]
[EventRounds "9"]
[EventCountry "ARG"]
[SourceTitle "EXT 2024"]
[Source "ChessBase"]
[SourceDate "2023.10.10"]
[SourceVersion "1"]
[SourceVersionDate "2023.10.10"]
[SourceQuality "1"]

1. c4 Nf6 2. g3 g6 3. Bg2 d5 4. cxd5 Nxd5 5. Qa4+ Nc6 6. Nc3 e6 7. Nxd5 exd5 8. Qb3 Nd4 9. Qa4+ Nc6 10. Qb5 Be6 11. Qxb7 Nb4 12. Kd1 c5 1/2-1/2

[Event "Salta Escoda Memorial"]
[Site "Salta"]
[Date "2016.01.22"]
[Round "1"]
[White "Gallo, Juan Patricio"]
[Black "Belmonte, Adriel"]
[Result "0-1"]
[WhiteElo "1427"]
[BlackElo "1942"]
[PlyCount "64"]
[EventDate "2016.01.22"]
[EventType "swiss"]
[EventRounds "7"]
[EventCountry "ARG"]
[SourceTitle "CBM 170 Extra"]
[Source "ChessBase"]
[SourceDate "2016.02.25"]
[SourceVersion "1"]
[SourceVersionDate "2016.02.25"]
[SourceQuality "1"]

1. c4 f5 2. d4 Nf6 3. Nc3 g6 4. g3 Bg7 5. Bg2 0-0 6. e3 d6 7. Nge2 e5 8. 0-0 c6 9. b4 e4 10. Bb2 Be6 11. d5 cxd5 12. Nxd5 Nxd5 13. Bxg7 Nxe3 14. fxe3 Kxg7 15. Nf4 Qe7 16. Qd4+ Kg8 17. Rfd1 Nc6 18. Nd5 Qf7 19. Qc3 Ne5 20. Nf4 Nxc4 21. Nxe6 Qxe6 22. Rac1 b5 23. Bf1 Rac8 24. Qb3 d5 25. Rd4 Nd2 26. Rxd2 Rxc1 27. Rxd5 a6 28. Kf2 Qf7 29. Ke2 Rfc8 30. Kf2 R1c3 31. Rd8+ Rxd8 32. Qxc3 Qxa2+ 0-1

[Event "South America-ch U10 12th"]
[Site "Santa Cruz"]
[Date "2015.12.03"]
[Round "3"]
[White "Perez Rivero, Juan Jose"]
[Black "Gallo, Juan Patricio"]
[Result "1/2-1/2"]
[WhiteElo "1663"]
[BlackElo "1430"]
[PlyCount "77"]
[EventDate "2015.12.02"]
[EventType "swiss"]
[EventRounds "9"]
[EventCountry "BOL"]
[SourceTitle "CBM 170 Extra"]
[Source "ChessBase"]
[SourceDate "2016.02.25"]
[SourceVersion "1"]
[SourceVersionDate "2016.02.25"]
[SourceQuality "1"]

1. d4 d5 2. Nf3 e6 3. Bg5 Be7 4. Bxe7 Nxe7 5. e3 0-0 6. Bd3 b6 7. 0-0 Bb7 8. Nbd2 Nd7 9. c3 c5 10. Re1 c4 11. Bc2 Rc8 12. e4 Ng6 13. exd5 Bxd5 14. Ne4 Nf6 15. Ng3 Qc7 16. Ne5 Rfd8 17. Nh5 Qe7 18. Re3 Nxe5 19. Rxe5 g6 20. Nf4 Qb7 21. h4 Bc6 22. h5 Qc7 23. hxg6 hxg6 24. Nh3 Qxe5 25. dxe5 Rxd1+ 26. Rxd1 Ng4 27. Rd4 Nxe5 28. f4 Ng4 29. Nf2 Nxf2 30. Kxf2 Bd5 31. g4 Kg7 32. Ke3 Rh8 33. Be4 Rh3+ 34. Kd2 Bxe4 35. Rxe4 Rh2+ 36. Kc1 Kf6 37. Rd4 Ke7 38. Rxc4 Kd7 39. Rd4+ 1/2-1/2